000 00280nam a2200109Ia 4500
008 190216s9999||||xx |||||||||||||| ||und||
100 _aRoy A&Amp;Bhatacharya
245 0 _aPolitical Theory And Institutions
260 _bThe World Press Pvt Ltd
650 _aPolitics
942 _cBK
999 _c34789
_d34789